| 000 | 02718nam0a2200409 4500 | ||
|---|---|---|---|
| 001 | RU\NLR\BIBL_A\012934774 | ||
| 005 | 20250624232458.0 | ||
| 010 | _a978-5-6047897-2-8 | ||
| 021 |
_aRU _b2022-64986 _9КН-П-5634 |
||
| 035 | _a(RuMoRGB)011224995 | ||
| 035 | _a(NLR Aleph) 012934774 | ||
| 090 |
_a12686392 _c12686392 |
||
| 100 | _a20221109d2022 |||y0rusy50 ca | ||
| 101 | 0 | _arus | |
| 102 | _aRU | ||
| 105 | _ah|||g|||010zd | ||
| 181 | 0 |
_ai _baxxe |
|
| 182 | 0 | _an | |
| 200 | 1 |
_aНе пропали без вести _eсборник документальных уточняющих материалов к Книге Памяти Чувашской Республики _fМинистерство образования и молодежной политики Чувашской Республики, АУ "Центр мониторинга и развития образования" г. Чебоксары _gредакционная коллегия: ответственный редактор - О. В. Захарова [и др.] |
|
| 203 |
_aТекст _bвизуальный _cнепосредственный |
||
| 210 |
_aЧебоксары _cПерфектум _d2022 |
||
| 215 |
_a136 с., [10] л. факс. _d30 |
||
| 300 | _aНа обороте тит. с.: К 80-летию начала Великой Отечественной войны | ||
| 330 | _aВ книгу внесены сведения о пропавших без вести солдатах - участниках Великой Отечественной войны, собранные чебоксарскими школьниками и руководителями поисковых отрядов города Чебоксары | ||
| 606 | 1 |
_aВеликая Отечественная война _jКниги памяти _xГерои и героизм _yЧувашская АССР _z1941 - 1945 _92240665 _3RU\NLR\AUTH\661344537 |
|
| 675 |
_a371.83(470.344-25)(092)"1941/1945"(082) _v4 |
||
| 686 |
_a74.27(2Рос.Чув)я43 _2rubbks |
||
| 686 | 1 | _aЦ35(2)722-424д(2Р-6Чу),011 | |
| 686 | 1 | _aТ3(2)722.782(2Р-6Чу),011 | |
| 702 | 1 |
_4340 _7ca _8rus _aЗахарова _bО. В. _cметодист, школьное образование _f1986- _gОльга Владимировна _9249736 _3RU\NLR\AUTH\770249792 |
|
| 712 | 0 | 2 |
_4570 _aЦентр мониторинга и развития образования _cЧебоксары _9723207 _3RU\NLR\AUTH\880530592 |
| 942 | _cBOOK | ||
| 980 | _aNB | ||